Kierowcy F1 z ponad 20 wygranymi - Statystyki

Ogólne statystyki
  • Ten quiz został rozwiązany 714 razy
  • Średni wynik to 12 z 17
Statystyki odpowiedzi
Liczba wygranych Kierowca % Poprawnych
103 Lewis Hamilton
99%
91 Michael Schumacher
98%
56 Max Verstappen
96%
53 Sebastian Vettel
95%
41 Ayrton Senna
92%
32 Fernando Alonso
92%
51 Alain Prost
82%
21 Kimi Raikkonen
81%
23 Nico Rosberg
76%
25 Niki Lauda
75%
24 Juan Manuel Fangio
65%
20 Mika Hakkinen
59%
22 Damon Hill
55%
23 Nelson Piquet
48%
31 Nigel Mansell
47%
25 Jim Clark
38%
27 Jackie Stewart
37%
Nie znaleziono quizów pasujących do podanych kryteriów
Rozkład punktacji
Procent ludzi z każdym wynikiem
Percentyl według liczby udzielonych odpowiedzi
Twoja historia wyników
Nie rozwiązałeś tego quizu